L'évolution des grilles de classification professionnelle.
Odvetvové rokovania ako hlavný prvok profesionálnych vzťahov vo Francúzsku. Typológia klasifikačných tabuliek. Modernizácia Parodiho tabuliek. Klasifikačné tabuľky pre nepotravinársky maloobchod. Zdôraznenie potreby spolupráce: odvetvie - podnik. (CFDT Aujourd'hui 1990, č. 99.).
Salvato in:
| Autore principale: | |
|---|---|
| Natura: | Capitolo di libro |
| Lingua: | francese |
| Soggetti: | |
| Tags: |
Nessun Tag, puoi essere il primo ad aggiungerne!!
|
MARC
| LEADER | 00000naa a2200000 4500 | ||
|---|---|---|---|
| 001 | r004443 | ||
| 005 | 20221125091635.4 | ||
| 041 | 0 | |a fre | |
| 044 | |a FR | ||
| 245 | 1 | 0 | |a L'évolution des grilles de classification professionnelle. |c M. Tallard |
| 520 | |a Odvetvové rokovania ako hlavný prvok profesionálnych vzťahov vo Francúzsku. Typológia klasifikačných tabuliek. Modernizácia Parodiho tabuliek. Klasifikačné tabuľky pre nepotravinársky maloobchod. Zdôraznenie potreby spolupráce: odvetvie - podnik. (CFDT Aujourd'hui 1990, č. 99.). | ||
| 610 | 2 | 0 | |a klasifikácia |
| 610 | 2 | 0 | |a Francúzsko |
| 610 | 2 | 0 | |a maloobchod |
| 610 | 2 | 0 | |a povolania |
| 610 | 2 | 0 | |a katalógy kvalifikačné |
| 100 | 1 | |a Tallard, M. | |